000 01218nam0a2200325 4500
001 RU\NLR\BIBL_A\022366599
005 20250605134924.0
010 _a978-5-389-21880-2
_92000
021 _aRU
_bКН-П-24-054269
_9КН-П-24-5408
035 _a(NLR Aleph) 022366599
090 _a13327754
_c13327754
100 _a20241029d2024 u y0rusy50 ca
101 1 _arus
_ccat
102 _aRU
105 _ay z 000ay
181 0 _ai4
_baxxe
182 0 _an
200 1 _aВаша честь
_e[роман]
_fЖауме Кабре
_g[перевод с каталан. А. Гребенниковой]
203 _aТекст
_bвизуальный
_cнепосредственный
210 _aСанкт-Петербург
_cАзбука-Аттикус, Азбука
_d2024
215 _a474, [2] с.
_d18
225 1 _aThe big book
300 _aВ аннот. авт.: Ж. Кабре – сценарист, филолог
333 _a16+
686 1 _aШ6(4Ис=К)07-4{Лх1590}
700 1 _7ca
_8rus
_aКабре
_bЖ.
_f1947-
_gЖауме
_9147513
_3RU\NLR\AUTH\770147549
942 _cBOOK
980 _aNB